Southville International School and Colleges
Your cart is empty.
  • Cart
  • Lists
    Public lists Eva Luna New books Lux_list list_1
    Your lists Log in to create your own lists
  • Log in to your account
  • Your cookies
  • Search history
Southville International School and Colleges
  • Advanced search
  • Recent comments
  • Most popular
  • Libraries

Log in to your account

Log in with GOOGLE


If you do not have an external account, but do have a local account, you can still log in:

  1. Home
  2. MARC view: Toy story: joke book /
Normal view MARC view ISBD view

Toy story: joke book / (Record no. 103386)

[ view plain ]
MARC details
000 -LEADER
fixed length control field 00676nam a2200193 a 4500
005 - DATE AND TIME OF LATEST TRANSACTION
control field 20140412111301.0
008 - FIXED-LENGTH DATA ELEMENTS--GENERAL INFORMATION
fixed length control field 030414s19uu xx 00 eng d
020 ## - INTERNATIONAL STANDARD BOOK NUMBER
International Standard Book Number 0-307-12943-8
050 ## - LIBRARY OF CONGRESS CALL NUMBER
Classification number ER
Item number To55jo 1996
100 ## - MAIN ENTRY--PERSONAL NAME
Personal name Bazaldua, Barbara
245 ## - TITLE STATEMENT
Title Toy story: joke book /
Statement of responsibility, etc written by Barbara Bazaldua.
260 ## - PUBLICATION, DISTRIBUTION, ETC. (IMPRINT)
Place of publication, distribution, etc New York :
Name of publisher, distributor, etc A Golden Book,
Date of publication, distribution, etc 1996.
300 ## - PHYSICAL DESCRIPTION
Extent 1 v. (unp.) ; ill.
440 ## - SERIES STATEMENT/ADDED ENTRY--TITLE
Title Disney's Toy Story
520 ## - SUMMARY, ETC.
Summary, etc Join Woody, Buzz, Hamm, and the rest of the Toy Story crew as they share their favorite jokes, riddles, and tounge twisters in this laugh-packed book.
650 ## - SUBJECT ADDED ENTRY--TOPICAL TERM
Topical term or geographic name as entry element Toys--Fiction
650 ## - SUBJECT ADDED ENTRY--TOPICAL TERM
Topical term or geographic name as entry element Children stories
Holdings
Withdrawn status Lost status Damaged status Use restrictions Home library Current library Shelving location Date acquired Source of acquisition Total Checkouts Full call number Barcode Date last seen Price effective from Koha item type
        Elizalde Library Elizalde Library Easy Reading Section 04/14/2003     ER To55jo 1996 E4650 04/12/2014 04/12/2014 Books

Toy story: joke book /

APA

Bazaldua B., . (1996). Toy story: joke book. New York: A Golden Book.

Chicago

Bazaldua Barbara, . 1996. Toy story: joke book. New York: A Golden Book.

Harvard

Bazaldua B., . (1996). Toy story: joke book. New York: A Golden Book.

MLA

Bazaldua Barbara, . Toy story: joke book. New York: A Golden Book. 1996.

  • Place hold
  • Print
  • Cite
  • Add to your cart (remove)
  • Save record
    BIBTEX Dublin Core MARCXML MARC (non-Unicode/MARC-8) MARC (Unicode/UTF-8) MARC (Unicode/UTF-8, Standard) MODS (XML) RIS
  • More searches
    Search for this title in:
    Other Libraries (WorldCat) Other Databases (Google Scholar) Online Stores (Bookfinder.com) Open Library (openlibrary.org)

Exporting to Dublin Core...

SOUTHVILLE LIBRARY

Southville International School and Colleges Library

1281 Tropical Ave. Cor. Luxembourg St., BF Homes International, Las Pinas City

Tel. No. 8256374 / 252358 Loc. 117/146

Powered by Koha